[Event "Challenge"]
[Site "http://www.queenalice.com/game.php?id=1498896"]
[Date "2017.10.14"]
[Round "-"]
[White "paul_thor"]
[Black "Marbol"]
[Result "1/2-1/2"]
[WhiteElo "2098"]
[BlackElo "1964"]

1. e4 e5 2. f4 exf4 3. d4 d5 4. Bxf4 Qh4+ 5. Bg3 Qxe4+ 6. Be2 Qxg2 7. Bf3 Bb4+
8. Nc3 Bg4 9. Bxg2 Bxc3+ 10. bxc3 Bxd1 1/2-1/2

[Event "Challenge"]
[Site "http://www.queenalice.com/game.php?id=1498897"]
[Date "2017.10.14"]
[Round "-"]
[White "Marbol"]
[Black "paul_thor"]
[Result "1/2-1/2"]
[WhiteElo "1969"]
[BlackElo "2088"]

1. Nf3 d5 2. g3 Nf6 3. Bg2 Nc6 4. O-O e5 5. d3 Bg4 6. Bg5 Be7 7. Nbd2 O-O 8. h3
Be6 9. c4 dxc4 10. Nxc4 h6 11. Be3 1/2-1/2

[Event "Invitation"]
[Site "http://www.queenalice.com/game.php?id=1499585"]
[Date "2017.10.20"]
[Round "-"]
[White "paul_thor"]
[Black "Marbol"]
[Result "1/2-1/2"]
[WhiteElo "2074"]
[BlackElo "2110"]

1. Nf3 Nf6 2. d4 g6 3. Bg5 Bg7 4. e3 O-O 5. Bd3 d5 6. O-O Bg4 7. Nbd2 h6 8. Bxf6
Bxf6 9. h3 Be6 10. Rc1 c5 11. c4 cxd4 12. exd4 Nc6 13. c5 1/2-1/2

[Event "Challenge"]
[Site "http://www.queenalice.com/game.php?id=1499587"]
[Date "2017.10.20"]
[Round "-"]
[White "Marbol"]
[Black "paul_thor"]
[Result "1/2-1/2"]
[WhiteElo "2110"]
[BlackElo "2079"]

1. d4 d5 2. c4 c6 3. Nf3 Nf6 4. c5 e6 5. g3 Be7 6. Bg2 O-O 7. O-O h6 8. a3 Nbd7
9. Nc3 Ne4 10. Nxe4 dxe4 11. Nd2 Nf6 12. Nxe4 Nxe4 13. Bxe4 Bf6 1/2-1/2

[Event "Challenge"]
[Site "http://www.queenalice.com/game.php?id=1499588"]
[Date "2017.10.20"]
[Round "-"]
[White "paul_thor"]
[Black "Marbol"]
[Result "0-1"]
[WhiteElo "2068"]
[BlackElo "2162"]

1. e4 c6 2. d4 d5 3. e5 e6 4. Nf3 Nd7 5. Be2 Bb4+ 6. Bd2 Bxd2+ 7. Nbxd2 c5 8. c3
c4 9. O-O Ne7 10. Re1 Rb8 11. Qc2 b5 12. a3 h6 13. Rab1 Bb7 14. b4 O-O 15. Nf1
a5 16. Ng3 Ng6 17. Rb2 Ra8 18. Reb1 Bc6 19. a4 axb4 20. Rxb4 bxa4 21. Qa2 f6 22.
Qc2 Nf4 23. Bd1 Nd3 0-1

[Event "Challenge"]
[Site "http://www.queenalice.com/game.php?id=1499589"]
[Date "2017.10.20"]
[Round "-"]
[White "Marbol"]
[Black "paul_thor"]
[Result "1/2-1/2"]
[WhiteElo "2110"]
[BlackElo "2078"]

1. e4 c5 2. Nf3 g6 3. d4 cxd4 4. Qxd4 Nf6 5. e5 Nc6 6. Qc3 Nd5 7. Qd2 e6 8. Bc4
Bg7 9. Bxd5 exd5 10. Qxd5 Qe7 11. O-O O-O 12. Re1 Nb4 1/2-1/2

[Event "Invitation"]
[Site "http://www.queenalice.com/game.php?id=1499708"]
[Date "2017.10.21"]
[Round "-"]
[White "paul_thor"]
[Black "Marbol"]
[Result "1/2-1/2"]
[WhiteElo "2082"]
[BlackElo "2110"]

1. c4 c5 2. Nf3 Nc6 3. g3 Nf6 4. Bg2 e6 5. d3 g6 6. O-O Bg7 7. Nc3 O-O 8. Bg5
Re8 9. e4 h6 10. Be3 d6 11. Rb1 1/2-1/2

[Event "Invitation"]
[Site "http://www.queenalice.com/game.php?id=1500387"]
[Date "2017.10.24"]
[Round "-"]
[White "paul_thor"]
[Black "Marbol"]
[Result "0-1"]
[WhiteElo "2084"]
[BlackElo "2118"]

1. g3 Nf6 2. Bg2 d5 3. d4 Nc6 4. Nf3 Bf5 5. Bf4 e6 6. O-O Bd6 7. Bxd6 cxd6 8.
Nc3 O-O 9. h3 Qb6 10. b3 Rac8 11. Rc1 Qa5 12. Ra1 Qxc3 0-1

[Event "Invitation"]
[Site "http://www.queenalice.com/game.php?id=1501421"]
[Date "2017.10.31"]
[Round "-"]
[White "paul_thor"]
[Black "Marbol"]
[Result "0-1"]
[WhiteElo "2081"]
[BlackElo "2195"]

1. g3 g6 2. Nf3 Bg7 3. Bg2 Nf6 4. O-O O-O 5. d4 d6 6. Nc3 d5 7. Bg5 c6 8. h3 Be6
9. Re1 Qc8 10. g4 h5 11. Ne5 hxg4 12. hxg4 Bxg4 13. Qd3 Bf5 14. Qd2 Nbd7 15. Nf3
Rd8 16. Rad1 Nf8 17. Qe3 Qc7 18. Bf4 Qb6 19. b3 Ne6 20. Be5 Ng4 21. Qd2 Nxe5 22.
dxe5 Qb4 23. e3 Qg4 24. Qe2 a5 25. Nd4 Bxe5 26. Qxg4 Bxg4 27. Rd2 Nxd4 28. exd4
Bd6 29. Na4 b5 30. Nc5 e5 31. Nb7 Bb4 32. Nxd8 Bxd2 33. Rxe5 Rxd8 0-1

[Event "1°"]
[Site "http://www.queenalice.com/game.php?id=1513018"]
[Date "2018.1.23"]
[Round "1"]
[White "paul_thor"]
[Black "CCapivara"]
[Result "1-0"]
[WhiteElo "2056"]
[BlackElo "2277"]

1. e4 d6 2. d4 Nf6 3. Bd3 e5 4. c3 Be7 5. Nf3 Bg4 6. h3 Bh5 7. dxe5 dxe5 8. g4
Bg6 9. Nxe5 Bxe4 10. Qa4+ Nbd7 11. Bxe4 b5 12. Qxb5 Rb8 13. Qa4 Nxe4 14. Qxe4
Nxe5 15. Qxe5 O-O 16. O-O Bd6 17. Qf5 Qh4 18. Kg2 g6 19. Qd5 Qe7 20. Nd2 Rbd8
21. Nf3 Kg7 22. Re1 Qd7 23. Be3 f5 24. Bd4+ Kh6 25. Re4 c5 26. g5+ 1-0

[Event "Copa do Brasil"]
[Site "http://www.queenalice.com/game.php?id=1514573"]
[Date "2018.2.3"]
[Round "2"]
[White "paul_thor"]
[Black "PauloRPFonseca"]
[Result "0-1"]
[WhiteElo "2070"]
[BlackElo "2107"]

1. e4 c6 2. d4 d5 3. Nc3 dxe4 4. Nxe4 Bf5 5. Ng3 Bg6 6. h4 h6 7. Nf3 Nd7 8. h5
Bh7 9. Bd3 Bxd3 10. Qxd3 e6 11. Bf4 Be7 12. O-O-O Ngf6 13. Kb1 Qb6 14. Ne4 O-O
15. Nxf6+ Nxf6 16. Be5 Rad8 17. c3 c5 18. Qc4 Rc8 19. dxc5 Qxc5 20. Qxc5 Bxc5
21. Bxf6 gxf6 22. Rd2 Rfd8 23. Rhd1 Rxd2 24. Rxd2 Kf8 25. b4 Bb6 26. Kb2 Ke7 27.
Kb3 e5 28. Nh4 Rg8 29. f3 Ke6 30. g4 Be3 31. Rd3 Bg5 32. Nf5 e4 33. Rd4 exf3 34.
Re4+ Kd7 0-1

[Event "1°"]
[Site "http://www.queenalice.com/game.php?id=1518260"]
[Date "2018.3.3"]
[Round "2"]
[White "FabioDavid"]
[Black "paul_thor"]
[Result "1/2-1/2"]
[WhiteElo "2525"]
[BlackElo "2055"]

1. e4 c5 2. Nf3 d6 3. d4 cxd4 4. Nxd4 Nf6 5. Nc3 a6 6. Be2 e5 7. Nb3 Be7 8. O-O
O-O 9. Be3 Be6 10. Qd2 Nbd7 11. a4 Rc8 12. a5 Qc7 13. Nc1 Rfd8 14. f3 d5 15.
exd5 Nf8 16. Bd3 Nxd5 17. Nxd5 Rxd5 18. b4 Ng6 19. Ne2 Bf5 20. Rab1 Bxd3 21.
cxd3 Qd7 22. Rfd1 Rd8 23. Rb3 h6 24. Qc2 Nf8 25. Bb6 Rc8 26. Rc3 Rxc3 27. Nxc3
Qc6 28. Qb3 Rd7 29. Kf1 Ne6 30. b5 axb5 31. Qxb5 Qxb5 32. Nxb5 Bb4 33. Rb1 Bc5
34. Bxc5 Nxc5 35. Ke2 Nxd3 36. g3 Nc5 37. Nc3 Ne6 38. Ke3 Nd4 39. g4 Nc6 40. Rb5
f6 41. Ne4 Nd4 42. Rb2 Ne6 43. Rb6 Nf4 44. Rb5 Kf8 45. h4 Rd3+ 46. Kf2 Ra3 47.
Nd6 Ra2+ 48. Kf1 Ne6 49. Nf5 Ra3 50. Kf2 g6 51. Nxh6 Rxf3+ 52. Kxf3 Nd4+ 53. Ke4
Nxb5 54. g5 Nd6+ 55. Kd5 Nf7 56. Ng4 fxg5 57. hxg5 e4 58. Kxe4 Nxg5+ 59. Kd5 Nf3
60. Kc5 Nd2 61. Kb6 Nb3 62. Kxb7 Nxa5+ 1/2-1/2

[Event "1°"]
[Site "http://www.queenalice.com/game.php?id=1538335"]
[Date "2018.8.9"]
[Round "4"]
[White "jacconsultoria"]
[Black "paul_thor"]
[Result "1-0"]
[WhiteElo "2717"]
[BlackElo "2089"]

1. Nf3 Nf6 2. b3 g6 3. Bb2 Bg7 4. g3 O-O 5. Bg2 d6 6. O-O e5 7. d3 Nc6 8. Nbd2
h6 9. e4 Be6 10. Re1 a5 11. a4 Re8 12. Nf1 Ng4 13. h3 Nf6 14. d4 exd4 15. Nxd4
Bd7 16. Nb5 Nb4 17. Rb1 Bc6 18. Nd2 Qc8 19. Qf3 Qd8 20. Bxf6 Bxf6 21. Nxc7 Qxc7
22. Qxf6 Nxc2 23. Red1 Re6 24. Qh4 Nd4 25. Qxh6 Ne2+ 26. Kh2 Nc3 27. Nf3 Nxd1
28. Ng5 Re5 29. Qh7+ Kf8 30. Rxd1 Rxg5 31. Qh6+ Kg8 32. Qxg5 Re8 33. Qf4 Qb6 34.
Rd3 Re6 35. h4 Qb4 36. f3 d5 37. Bh3 Rd6 38. h5 gxh5 39. Bf5 Kf8 40. Kh3 Rf6 41.
Qb8+ Kg7 42. Qe5 Qd6 43. Qb2 Qd8 44. exd5 Bd7 45. Bxd7 Qxd7+ 46. Kg2 Qd6 47. Qd4
Kg6 48. f4 Rf5 49. Qe4 Kf6 50. Rd4 b6 51. Rd3 Kg6 52. Kf3 Kf6 53. Rd2 Qd7 54. d6
Kg7 55. Qxf5 Qxf5 56. d7 Qg4+ 57. Kf2 1-0